<?xml version="1.0" encoding="UTF-8"?>
<record
    xmlns:xsi="http://www.w3.org/2001/XMLSchema-instance"
    xsi:schemaLocation="http://www.loc.gov/MARC21/slim http://www.loc.gov/standards/marcxml/schema/MARC21slim.xsd"
    xmlns="http://www.loc.gov/MARC21/slim">

  <leader>00833nam a22001817a 4500</leader>
  <controlfield tag="008">110920t        xxu||||| |||| 00| 0 eng d</controlfield>
  <datafield tag="020" ind1=" " ind2=" ">
    <subfield code="a">0889971390 9780889971394</subfield>
  </datafield>
  <datafield tag="050" ind1=" " ind2=" ">
    <subfield code="a">BT205.A68</subfield>
  </datafield>
  <datafield tag="110" ind1=" " ind2=" ">
    <subfield code="a">Catholic Church. Canadian Conference of Catholic Bishops.</subfield>
  </datafield>
  <datafield tag="245" ind1=" " ind2=" ">
    <subfield code="a">We believe: God revealed in Jesus.</subfield>
  </datafield>
  <datafield tag="260" ind1=" " ind2=" ">
    <subfield code="a">Ottawa</subfield>
    <subfield code="b"> Canadian Conference of Catholic Bishops</subfield>
    <subfield code="c"> &#xA9;1986.</subfield>
  </datafield>
  <datafield tag="300" ind1=" " ind2=" ">
    <subfield code="a">215 p. : ill. </subfield>
    <subfield code="b"> ill.</subfield>
    <subfield code="c">28 cm.</subfield>
  </datafield>
  <datafield tag="505" ind1=" " ind2=" ">
    <subfield code="a">Contents: I Believe in God, the Father almighty, creator of heaven and earth -- I Believe in Jesus Christ, his only Son our Lord -- I Believe in the Holy spirit..</subfield>
    <subfield code="t">We believe: God revealed in Jesus.</subfield>
  </datafield>
  <datafield tag="650" ind1=" " ind2=" ">
    <subfield code="b">Apostles' Creed</subfield>
    <subfield code="x"> Study and teaching. </subfield>
  </datafield>
  <datafield tag="650" ind1=" " ind2=" ">
    <subfield code="a">Catholic Church </subfield>
    <subfield code="x"> Catechisms  </subfield>
    <subfield code="x">English. </subfield>
  </datafield>
  <datafield tag="650" ind1=" " ind2=" ">
    <subfield code="a">Bible</subfield>
    <subfield code="x">Study and teaching</subfield>
    <subfield code="x"> Catholic Church. </subfield>
  </datafield>
  <datafield tag="942" ind1=" " ind2=" ">
    <subfield code="2">lcc</subfield>
    <subfield code="c">BK</subfield>
  </datafield>
  <datafield tag="999" ind1=" " ind2=" ">
    <subfield code="c">132</subfield>
    <subfield code="d">7632</subfield>
  </datafield>
  <datafield tag="952" ind1=" " ind2=" ">
    <subfield code="0">0</subfield>
    <subfield code="1">0</subfield>
    <subfield code="2">lcc</subfield>
    <subfield code="4">0</subfield>
    <subfield code="7">0</subfield>
    <subfield code="a">WIUC-1</subfield>
    <subfield code="b">WIUC-1</subfield>
    <subfield code="c">GEN</subfield>
    <subfield code="d">2011-09-20</subfield>
    <subfield code="l">0</subfield>
    <subfield code="o">BT205.A68</subfield>
    <subfield code="p">304/11</subfield>
    <subfield code="r">2011-09-20 00:00:00</subfield>
    <subfield code="t">1</subfield>
    <subfield code="w">2011-09-20</subfield>
    <subfield code="y">BK</subfield>
  </datafield>
</record>
